| 000 | 01078nam a2200205 a 4500 | ||
|---|---|---|---|
| 001 | 47968 | ||
| 005 | 20180714032117.0 | ||
| 008 | 140415s2003 sp 000 0 spa d | ||
| 020 | _a8497561813 | ||
| 041 | _aspa | ||
| 082 |
_a127 _bALE |
||
| 100 | 1 | _aALEMAN, JORGE | |
| 245 | 1 | 0 |
_aFILOSOFIA DEL LIMITE E INCONSCIENTE : _bCONVERSACIÓN CON EUGENIO TRIAS |
| 250 | _a1a ed. | ||
| 260 |
_aESPAÑA : _bSINTESIS, _c2003 |
||
| 300 |
_a104 _c13 x 1.2 x 21 |
||
| 520 | _a¿QUÉ LLEVA A DOS PSICOANALISTAS LACANIANOS A ESTUDIAR LA FILOSOFÍA DEL LÍMITE Y A INTERROGAR A SU AUTOR? ¿CUÁLES SON LAS AFINIDADES, RESONANCIAS Y PROBLEMAS EN COMÚN ENTRE LA NOVEDAD EN LENGUA ESPAÑOLA QUE SUPONE LA FILOSOFÍA DEL LÍMITE Y LA ANALÍTICA DEL FRONTERIZO QUE LA MISMA IMPLICA, Y EL PSICOANÁLISIS DE ORIENTACIÓN FRAUDO-LACANIANA? EL LÍMITE ES A LA VEZ UN RETO QUE NOS INSTIGA, O QUE NOS PONE A PRUEBA, Y UNA SALVA GUARDA QUE NOS IMPIDE DISPERSARNOS DEFINITIVAMENTE, DESFONDÁNDO | ||
| 650 | 1 | 4 |
_aONTOLOGIA _xFILOSOFIA CONTEMPORANEA |
| 700 | 1 |
_aLARRIERA, SERGIO _ecoaut. |
|
| 999 |
_c47968 _d47968 |
||